[Event "SWE-chT 9899"]
[Site "Sweden"]
[Date "1998.??.??"]
[Round "5"]
[White "Andreasson, Ingvar"]
[Black "Ahlander, Bjorn"]
[Result "0-1"]
[WhiteElo "2360"]
[BlackElo "2410"]

1.c4 e6 2.Nf3 d5 3.g3 Nf6 4.Bg2 Be7 5.O-O O-O 6.d4 Nbd7 7.cxd5 exd5 8.Nc3 c6
9.Ne1 Re8 10.Nd3 a5 11.e3 Bd6 12.f4 Bb4 13.Ne5 Nf8 14.Nb1 Ne4 15.a3 Bd6 16.Nd2 Nxd2
17.Bxd2 Nd7 18.b4 axb4 19.Nxd7 Bxd7 20.axb4 Rxa1 21.Qxa1 Bf5 22.Qc3 Qb6 23.Ra1 h5
24.Qa3 Qc7 25.Qa5 Qe7 26.Qb6 Bd3 27.Ra7 Rb8 28.Bf1 Bxf1 29.Kxf1 h4 30.gxh4 Qd7
31.Ke2 g6 32.Qa5 Qg4+ 33.Kd3 Qxh4 34.Ra8 Qe7 35.b5 Kg7 36.Rxb8 Bxb8 37.bxc6 bxc6
38.Qb6 Qe8 39.Qb7 Bd6 40.Qb6 Kf6 41.Ba5 Kf5 42.Kd2 g5 43.fxg5 Bxh2 44.Qb1+ Kxg5
45.Qh7 Bg3 46.Qg7+ Kh4 47.Qf6+ Kg4 48.Ke2 Bh4 49.Qf3+ Kg5 50.Bc7 Kg6 51.Bf4 Qe6
52.Qg2+ Kh5 53.Kd2 Qg6 54.Qh1 Qg4 55.Qb1 Qg2+ 56.Kc3 Qg6 57.Qd1+ Qg4 58.Qb1 f5
59.Qb7 Be1+ 60.Kc2 Qe2+ 61.Kb1 Qd3+ 62.Ka2 Qc4+ 63.Ka3 Qc1+ 64.Ka2 Qc4+ 65.Ka3 Kg4
66.Qg7+ Kf3  0-1

[Event "Tampere ELO Taraus"]
[Site "Tampere"]
[Date "1998.??.??"]
[Round "4"]
[White "Haapasalo, Jukka Pekka"]
[Black "Kekki, Jorma"]
[Result "1/2-1/2"]
[WhiteElo "2185"]
[BlackElo "2210"]

1.c4 e6 2.Nf3 d5 3.e3 Nf6 4.b3 Be7 5.Bb2 O-O 6.Be2 b6 7.O-O Bb7 8.cxd5 exd5
9.d3 c5 10.Nbd2 Nc6  1/2-1/2

[Event "Vienna op 13th"]
[Site "Vienna"]
[Date "1998.??.??"]
[Round "?"]
[White "Psakhis, Lev"]
[Black "Lehner, Oliver"]
[Result "1/2-1/2"]
[WhiteElo "2565"]
[BlackElo "2420"]

1.c4 e6 2.Nf3 d5 3.d4 c6 4.Qc2 Nf6 5.g3 dxc4 6.Qxc4 b5 7.Qc2 Bb7 8.Nbd2 Nbd7
9.Nb3 Qb6 10.Bg2 a5 11.Be3  1/2-1/2

[Event "GER-ch int Seniors"]
[Site "Weilburg"]
[Date "1998.??.??"]
[Round "9"]
[White "Suetin, Alexey S"]
[Black "Chernikov, Oleg L"]
[Result "1/2-1/2"]
[WhiteElo "2400"]
[BlackElo "2405"]

1.c4 e6 2.Nf3 d5 3.g3 Nf6 4.Bg2 Be7 5.O-O O-O 6.b3 c5 7.cxd5 Nxd5 8.Bb2 Nc6
9.Nc3 Bf6 10.Qc1 Nxc3 11.Bxc3 Bxc3 12.Qxc3 Qd6  1/2-1/2

[Event "Ardid mem 10th op"]
[Site "Zaragoza"]
[Date "1998.??.??"]
[Round "2"]
[White "Laliena, Luis"]
[Black "San Segundo, Pablo"]
[Result "0-1"]
[WhiteElo "2110"]
[BlackElo "2505"]

1.c4 e6 2.Nf3 d5 3.g3 g6 4.Bg2 Bg7 5.d4 Ne7 6.O-O O-O 7.Nc3 Nbc6 8.cxd5 exd5
9.b3 Bg4 10.e3 Qd7 11.Ba3 Qf5 12.Nh4 Qe6 13.Qd3 Rfd8 14.Rac1 Bf6 15.Nf3 Nc8
16.Na4 Nd6 17.Bxd6 Rxd6 18.Nc5 Qc8 19.Qb5 Rb8 20.b4 Kg7 21.Qa4 a6 22.Qb3 h5
23.Rc3 h4 24.Rfc1 hxg3 25.hxg3 Ne7 26.Nd3 c6 27.a4 Qf5 28.Nfe5 Rh8 29.Nxg4 Qxg4
30.Qd1 Qg5 31.Qf3 Nf5 32.Qf4 Qxf4 33.Nxf4 Rd7 34.Nd3 Nd6 35.Nc5 Re7 36.Bf1 Bg5
37.Rb1 Ra8 38.Rcb3 Ne4 39.Nxe4 Rxe4 40.Rc1 Re7 41.Rc5 Rd7 42.Kg2 f5 43.Rc2 Be7
44.Rc1 Kf6 45.Rc2 Bd6 46.Rc1 Rh7 47.b5 cxb5 48.axb5 a5 49.Bd3 a4 50.Rbb1 Rhh8
51.Ra1 Ra5 52.Ra2 a3 53.Kg1 Ke6 54.Kg2 Kd7 55.Kg1 Rc8 56.Rxc8 Kxc8 57.Kf1 Kc7
58.Ke2 Kb6 59.Kd1 Rxb5 60.Bxb5 Kxb5 61.Rc2 Ka4 62.Kc1 Kb3 63.Kb1 Bb4 64.f3 Bc3
65.e4 fxe4 66.fxe4 dxe4 67.d5 Bb2  0-1

[Event "Australian op"]
[Site "Suncoast"]
[Date "1999.01.04"]
[Round "3"]
[White "Haag, Martin"]
[Black "Safarian, Alek"]
[Result "1-0"]
[WhiteElo "2290"]
[BlackElo "2100"]

1.c4 e6 2.Nf3 d5 3.g3 Nf6 4.d4 c6 5.Bg2 Nbd7 6.Qc2 Bd6 7.O-O O-O 8.Nbd2 Re8
9.b3 e5 10.cxd5 cxd5 11.dxe5 Nxe5 12.Bb2 Nc6 13.Rfe1 Ne4 14.Nd4 Nb4 15.Qd1 Bd7
16.a3 Nc6 17.Nxc6 Bxc6 18.Nf3 Bc5 19.Bd4 Qb6 20.b4 Bxd4 21.Qxd4 Qxd4 22.Nxd4 Bd7
23.Rec1 Rac8 24.Bxe4 dxe4 25.Kf1 f5 26.h4 Kf7 27.Ke1 Kf6 28.Kd2 Be6 29.Ke3 a6
30.Rc5 b6 31.Rcc1 Bc4 32.Rc3 b5 33.a4 g6 34.axb5 axb5 35.Ra6+ Kf7 36.Ra7+ Re7
37.Rxe7+ Kxe7 38.Nxb5 Rb8 39.Rxc4 Rxb5 40.Kd4 Kd6 41.Kc3 Rb7 42.Rd4+ Ke5
43.e3 h6 44.Rd2 g5 45.hxg5 hxg5 46.Kc4 f4 47.Rd5+ Ke6 48.Rxg5 f3 49.b5 Kf6
50.Rc5 Ke6 51.Kd4  1-0

[Event "Australian op"]
[Site "Suncoast"]
[Date "1999.01.07"]
[Round "6"]
[White "Sandler, Leonid"]
[Black "Smerdon, David"]
[Result "0-1"]
[WhiteElo "2385"]
[BlackElo "2105"]

1.Nf3 e6 2.c4 d5 3.d4 Nf6 4.g3 dxc4 5.Qa4+ Nbd7 6.Qxc4 a6 7.Qc2 b5 8.Bg2 Bb7
9.O-O c5 10.a4 cxd4 11.Nxd4 Bxg2 12.Kxg2 Bc5 13.Nf3 O-O 14.Nc3 b4 15.Ne4 Nxe4
16.Qxe4 Nf6 17.Qc4 Qd5 18.Qxd5 Nxd5 19.Bd2 Be7 20.Rac1 Rfc8 21.Ne5 Bf6 22.Nc4 Rc6
23.e4 Rac8 24.b3 Nc3 25.Bxc3 bxc3 26.Rfe1 Bd4 27.f4 f6 28.e5 fxe5 29.fxe5 Rxc4
30.bxc4 Rxc4 31.a5 Rc5 32.Kf3 Bxe5 33.Ke4 Rxa5 34.Ra1 Rc5 35.Ra2 a5 36.Kd3 Kf7
37.Re4 Rd5+ 38.Kc4 Ke7 39.Kb3 Rb5+ 40.Kc2 Rc5 41.Rea4 Rd5 42.Rxa5 Rd2+ 43.Kb1 Rd1+
44.Kc2 Rd2+ 45.Kb1 Rd1+ 46.Kc2 Re1 47.Kd3 Kf6 48.Rf2+ Kg6 49.Re2 Rxe2 50.Kxe2 Bd4
51.Ra6 Kf5 52.Rc6 e5 53.Kd3 h5 54.h3 Bf2 55.Rc7 Bxg3 56.Rxc3 g5 57.Kd2 g4
58.hxg4+ hxg4 59.Rc8 Bf4+ 60.Ke2 g3 61.Rg8 e4 62.Rg7 Bg5 63.Rg8 Kg4 64.Rh8 e3
65.Kf1 Kf3 66.Rf8+ Bf4 67.Rg8 e2+ 68.Ke1 Bd6  0-1

[Event "Hamburg IM"]
[Site "Hamburg"]
[Date "1999.01.18"]
[Round "9"]
[White "Wendt, Jan Dietrich"]
[Black "Lamprecht, Frank"]
[Result "1/2-1/2"]
[WhiteElo "2295"]
[BlackElo "2395"]

1.c4 e6 2.Nf3 d5 3.d4 c6 4.g3 Nf6 5.Bg2 Be7 6.O-O O-O 7.Qc2 b6 8.Nbd2 Bb7
9.e4 Nxe4 10.Nxe4 dxe4 11.Qxe4 Nd7 12.Rd1 Rc8 13.Bf4 Nf6 14.Qc2 Nh5 15.Bd2 Qc7
16.c5 Rfd8 17.Rac1 bxc5 18.dxc5 Rd5 19.Be3 Rcd8 20.h4 Rxd1+ 21.Rxd1 Rxd1+
22.Qxd1 Nf6 23.Qa4 a6 24.Bf4 Qc8 25.b4 Nd5 26.Bd2 Bf6 27.Ng5 h6 28.Ne4 Be5
29.Qb3 Qd7 30.Qd3 Bc8 31.a3 f5 32.Nd6 Bxd6 33.cxd6 Qxd6 34.f4 Bb7 35.Bxd5 exd5
36.Qd4 Kh7 37.Bc3 Qg6 38.Kf2 Bc8 39.Qe5 Be6 40.Bd4 Qf7 41.Qb8 Qe7 42.Qe5 Qd7
43.Qb8 Bf7 44.Qa7 Qe6 45.Be5 d4 46.Qxd4 Qg6 47.Qd6 Qg4 48.Qxc6 Bh5 49.Qb7 Qe2+
50.Kg1 Bf7  1/2-1/2

[Event "Mermaid Beach Club"]
[Site "Bermuda"]
[Date "1999.01.22"]
[Round "2"]
[White "Pelletier, Yannick"]
[Black "Thorhallsson, Throstur"]
[Result "0-1"]
[WhiteElo "2483"]
[BlackElo "2499"]

1.c4 e6 2.Nf3 d5 3.d4 dxc4 4.e3 a6 5.Bxc4 Nf6 6.Qe2 c5 7.dxc5 Bxc5 8.O-O b5
9.Bd3 Nc6 10.Nc3 O-O 11.Ne4 Be7 12.Nxf6+ Bxf6 13.Qc2 Nb4 14.Bxh7+ Kh8 15.Qc5 Kxh7
16.Qxb4 Bb7 17.Nd2 Rh8 18.a4 a5 19.Qf4 b4 20.e4 Qd4 21.Nf3 Qxe4 22.Ng5+ Bxg5
23.Qxe4+ Bxe4 24.Bxg5 Rhc8 25.Rfe1 Bd5 26.Rec1 Bb3 27.Rxc8 Rxc8 28.Rc1 Ra8
29.Ra1 Kg6 30.Be3 Kf5 31.Bb6 Ra6 32.Bc7 Ke4 33.h4 f6 34.Rc1 Kd5 35.Ra1 Bc2
36.h5 e5 37.g4 Kc6 38.Rc1 b3  0-1

[Event "Maalox Plus op"]
[Site "Brasilia"]
[Date "1999.01.22"]
[Round "3"]
[White "Sunye Neto, Jaime"]
[Black "Frare, Fernando"]
[Result "0-1"]
[WhiteElo "2520"]
[BlackElo "2225"]

1.c4 e6 2.Nf3 d5 3.g3 Nf6 4.Bg2 Be7 5.O-O O-O 6.d4 Nbd7 7.Nc3 c6 8.Qc2 Re8
9.b3 Bd6 10.Bb2 Qe7 11.Rad1 b6 12.e4 dxe4 13.Nxe4 Nxe4 14.Qxe4 Bb7 15.Ne5 Nf6
16.Qf3 Rac8 17.Rfe1 Ba8 18.Ng4 Nxg4 19.Qxg4 Qf8 20.Rd3 g6 21.Qe2 Ba3 22.Ba1 Rcd8
23.h4 Bb4 24.Red1 f5 25.f4 h5 26.Kh2 Kh7 27.Bb2 Be7 28.Re3 Bf6 29.Re1 Bxd4
30.Bxd4 Rxd4 31.Rxe6 Rxe6 32.Qxe6 Rd2 33.Qe8  0-1

[Event "AUT-chT2M 9899"]
[Site "Austria"]
[Date "1999.01.24"]
[Round "7"]
[White "Wirius, Johannes"]
[Black "Scheiblmaier, R."]
[Result "1-0"]
[WhiteElo "2235"]
[BlackElo "1967"]

1.c4 e6 2.Nf3 d5 3.cxd5 exd5 4.g3 c5 5.Bg2 Nc6 6.O-O Nf6 7.d4 Be7 8.Nc3 O-O
9.Bf4 Bg4 10.dxc5 Bxc5 11.Rc1 Re8 12.h3 Be6 13.Na4 Bb6 14.Nc5 Bxc5 15.Rxc5 Qb6
16.Rc2 Bf5 17.Rd2 h6 18.Be3 Qa6 19.Nd4 Be4 20.Nxc6 bxc6 21.b3 Bxg2 22.Kxg2 Re6
23.Bd4 Ne4 24.Rc2 Rae8 25.e3 Qb7 26.Kh2 Nd6 27.Qf3 a6 28.Rfc1 Ne4 29.h4 g6
30.Qf4 c5 31.Rxc5 g5 32.Rc7 Qb5  1-0

[Event "Geneve op"]
[Site "Geneve"]
[Date "1999.01.27"]
[Round "5"]
[White "Zueger, Beat"]
[Black "Kohlweyer, Bernd"]
[Result "1/2-1/2"]
[WhiteElo "2424"]
[BlackElo "2445"]

1.c4 e6 2.Nf3 d5 3.d4 c6 4.Qc2 Nf6 5.g3 dxc4 6.Qxc4 b5 7.Qb3 Bb7 8.Bg2 Nbd7
9.Bg5 Be7 10.O-O a6 11.Ne5 Nxe5 12.dxe5 Nd7 13.Bxe7 Qxe7 14.Qc3 O-O 15.Nd2 Rfb8
16.Rac1 c5 17.Bxb7 Rxb7 18.Ne4 Rc7 19.Rfd1 c4 20.Nd6 Rc5 21.Qf3 Rf8 22.Qa3 Rxe5
23.Nxb5 Qxa3 24.Nxa3 Nb6 25.Rd6 Nd5 26.Nxc4 Rxe2 27.Kf1 Re4 28.Rxa6 g5 29.Nd2 Rb4
30.b3 h6 31.Rc4 Rb7 32.Ne4 Rd8 33.Ke2 Kg7 34.Nc3 Nf6 35.b4 Rbd7 36.Ne4 Nxe4
37.Rxe4 Rd2+ 38.Kf1 Rb2 39.Ra3  1/2-1/2

[Event "RUS-Cup03 (Geller mem)"]
[Site "Moscow"]
[Date "1999.02.10"]
[Round "3"]
[White "Gorbatow, Alexej"]
[Black "Afonin, Alexey"]
[Result "1-0"]
[WhiteElo "2417"]
[BlackElo "2288"]

1.c4 e6 2.Nf3 d5 3.e3 Nf6 4.b3 c5 5.Bb2 Nc6 6.g3 Be7 7.Bg2 O-O 8.O-O b6 9.Qe2 Bb7
10.Rd1 Qc7 11.Nc3 Rfd8 12.Rac1 Rac8 13.cxd5 Nxd5 14.Nxd5 Rxd5 15.d4 Rdd8
16.dxc5 Rxd1+ 17.Rxd1 Bxc5 18.Ng5 h6 19.Ne4 Bf8 20.Nf6+ gxf6 21.Qg4+ Kh7
22.Be4+ f5 23.Bxf5+ exf5 24.Qxf5+ Kg8 25.Qf6 Kh7 26.g4 Ne7 27.Qxf7+  1-0

[Event "Bunratty Masters"]
[Site "Bunratty"]
[Date "1999.02.19"]
[Round "3"]
[White "Gillen, Stephen"]
[Black "Fox, Anthony"]
[Result "1-0"]
[WhiteElo "2248"]
[BlackElo "2122"]

1.c4 e6 2.Nf3 d5 3.g3 Nf6 4.Bg2 Be7 5.O-O O-O 6.b3 Nbd7 7.Bb2 c6 8.d3 b6
9.Qc2 Bb7 10.e4 Rc8 11.e5 Ne8 12.Nbd2 Nc7 13.Rad1 c5 14.Rfe1 b5 15.h4 h6
16.Nh2 Nb6 17.Ng4 a5 18.Nf1 Bc6 19.Bc1 h5 20.Ngh2 a4 21.Qe2 g6 22.Bh6 Re8
23.Nf3 axb3 24.axb3 Ra8 25.Ng5 Ra3 26.Qf3 Rf8 27.Bxf8 Qxf8 28.Nd2 Ra2 29.g4 hxg4
30.Qxg4 Qg7 31.f4 Bd7 32.Re3 f6 33.Ngf3 d4 34.Re2 f5 35.Qg3 Na6 36.Ng5 bxc4
37.dxc4 Nb4 38.Rf2 Nc8 39.Nb1 Ra1 40.Bf3 Na7 41.Rg2 Nac6 42.h5 d3 43.Qf2 Nd4
44.Nxe6 Bh4 45.Nxg7 Bxf2+ 46.Rxf2 Kxg7 47.hxg6 Nxf3+ 48.Rxf3 Kxg6 49.Nc3 Ra8
50.Nb5 Rb8  1-0

[Event "BL2-W9899"]
[Site "Germany"]
[Date "1999.02.21"]
[Round "6.2"]
[White "Becker, Marc"]
[Black "Piskov, Yury"]
[Result "0-1"]
[WhiteElo "2419"]
[BlackElo "2460"]

1.c4 e6 2.Nf3 d5 3.b3 Nf6 4.g3 Be7 5.Bg2 O-O 6.O-O b6 7.Bb2 Bb7 8.e3 a5 9.Nc3 Na6
10.Qe2 Nc5 11.d4 Nce4 12.Nd2 Nxc3 13.Bxc3 c5 14.Rfd1 Qc7 15.Rac1 Rfc8 16.Bb2 a4
17.dxc5 bxc5 18.cxd5 exd5 19.b4 Qb6 20.Bxf6 Bxf6 21.bxc5 Rxc5 22.Rxc5 Qxc5
23.Nf3 Ba6 24.Qd2 Bc4 25.Ne1 Rd8 26.Bf1 Rb8 27.Qc2 a3 28.e4 Rb2 29.Rxd5 Qb6
30.Rd6 Qxd6 31.Qxc4 g6 32.Nd3 Rd2 33.Qb5 Bd4 34.Qb3 Qf6  0-1

[Event "Lugano op"]
[Site "Lugano"]
[Date "1999.03.14"]
[Round "5"]
[White "Prang, Edgar"]
[Black "Maric, Alisa"]
[Result "0-1"]
[WhiteElo "2264"]
[BlackElo "2481"]

1.c4 e6 2.Nf3 d5 3.g3 dxc4 4.Qa4+ Nd7 5.Bg2 a6 6.Qxc4 b5 7.Qb3 Bb7 8.O-O Ngf6
9.d3 Be7 10.Nc3 O-O 11.Bd2 c5 12.a4 b4 13.Nd1 Bd5 14.Qc2 c4 15.Ne1 cxd3 16.Nxd3 Rc8
17.Qb1 Bxg2 18.Kxg2 Nc5 19.Bxb4 Nb3 20.Bc3 Nxa1 21.Qxa1 Ne4 22.f3 Nxc3 23.Nxc3 Bf6
24.Ne4 Bd4 25.Rc1 f5 26.Nef2 Qd5  0-1

[Event "Bucharest TIT"]
[Site "Bucharest"]
[Date "1999.03.15"]
[Round "15"]
[White "Tikhomirov, Sergei"]
[Black "Raceanu, Valentin"]
[Result "1-0"]
[WhiteElo "2417"]
[BlackElo "2234"]

1.c4 e6 2.Nf3 d5 3.d4 c6 4.Nbd2 Nf6 5.e3 Nbd7 6.Bd3 Bd6 7.O-O O-O 8.e4 dxe4
9.Nxe4 Nxe4 10.Bxe4 h6 11.Bc2 e5 12.c5 Bc7 13.Re1 exd4 14.Qd3 Nf6 15.b4 Bg4
16.Nxd4 Bh5 17.Bb2 Bg6 18.Qb3 Bxc2 19.Qxc2 Nd5 20.Nf5 f6 21.Re4 Rf7 22.Rae1 Qd7
23.Rg4 Kh8 24.Qe4 Rd8 25.g3 Rg8 26.Rg6 Rd8 27.Qg4 Ne7 28.Rxg7 Nxf5 29.Rxf7 Qxf7
30.Qxf5 Kg7 31.Re6 Rd5 32.Bxf6+ Kg8 33.Qg4+ Kf8 34.Be7+ Ke8 35.Bh4+ Kf8 36.Rf6  1-0

[Event "BL2-W9899"]
[Site "Germany"]
[Date "1999.03.21"]
[Round "8.2"]
[White "Gurevich, Mikhail"]
[Black "Barsov, Alexei"]
[Result "1-0"]
[WhiteElo "2629"]
[BlackElo "2514"]

1.c4 e6 2.Nf3 d5 3.d4 Nf6 4.Nc3 Be7 5.Bg5 h6 6.Bh4 O-O 7.e3 b6 8.Bd3 dxc4
9.Bxc4 Bb7 10.O-O Ne4 11.Bxe7 Qxe7 12.Nxe4 Bxe4 13.Rc1 Rd8 14.Ne5 Nd7 15.Qg4 Nxe5
16.Qxe4 Nxc4 17.Rxc4 c5 18.dxc5 bxc5 19.Qc2 Rab8 20.b3 Rb5 21.h3 Rd5 22.Rc1 Qd6
23.a4 Rb8 24.Rxc5 Rd2 25.Rc8+ Rxc8 26.Qxc8+ Kh7 27.Qc3 f5 28.Qc4 a5 29.g3 Qe5
30.Rb1 Ra2 31.Qc6 Rd2 32.h4 Rd5 33.Qc4 Kg6 34.b4 axb4 35.Qxb4 Kh5 36.Kg2 Ra5
37.Rd1 g5 38.hxg5 hxg5 39.Rd4 Kg6 40.Qb7 Rc5 41.Rd8 Rc2 42.Rd3 Ra2 43.Qc6 Qe4+
44.Qxe4 fxe4 45.Rd4 Kf5 46.g4+ Kxg4 47.Rxe4+ Kf5 48.Rb4 Kf6 49.Kg3 Ra3 50.Rc4 Kg6
51.Rd4 Kf5 52.Rb4 Kf6 53.Kg4 Ra1 54.Kf3 Ra2 55.Kg2 Ra3 56.Kg3 Kg6 57.Kg4 Ra1
58.f4 Rg1+ 59.Kf3 g4+ 60.Kf2 Ra1 61.Re4 Kf6 62.Kg3 Rg1+ 63.Kh4 Rg2 64.Re5 Rg1
65.a5 Kf7 66.Kg5 g3 67.Kg4 Kf6 68.Kf3  1-0

[Event "Team Match 2nd"]
[Site "San Francisco"]
[Date "1999.03.29"]
[Round "5"]
[White "Lobo, Richard"]
[Black "Bhat, Vinay S"]
[Result "0-1"]
[WhiteElo "2277"]
[BlackElo "2312"]

1.c4 e6 2.Nf3 d5 3.d4 c6 4.Qc2 Nf6 5.Nbd2 Be7 6.e3 b6 7.Bd3 Bb7 8.e4 dxe4
9.Nxe4 Nxe4 10.Bxe4 Nd7 11.Bxh7 Bb4+ 12.Kf1 Nf6 13.Bd3 Bd6 14.Bg5 c5 15.Bxf6 Qxf6
16.Be4 Qe7 17.Rd1 O-O-O 18.g3 cxd4 19.Rxd4 f5 20.Bxb7+ Qxb7 21.Ke2 g5 22.Rhd1 g4
23.Ng5 Qe7 24.c5 Bxc5 25.Rxd8+ Rxd8 26.b4 Rxd1 27.Kxd1 Qxg5 28.bxc5 Qd8+
29.Ke2 Qc7 30.c6 Qe5+ 31.Kf1 Qb5+  0-1

[Event "Dreifluesse op 7th"]
[Site "Passau"]
[Date "1999.04.02"]
[Round "1"]
[White "Goemann, Jens"]
[Black "Skopetz, Friedrich"]
[Result "1-0"]
[WhiteElo "2162"]
[BlackElo "1705"]

1.c4 e6 2.Nf3 d5 3.g3 Nf6 4.Bg2 dxc4 5.Qa4+ Bd7 6.Qxc4 Bc6 7.O-O Bd5 8.Qa4+ Bc6
9.Qd1 Nbd7 10.d4 Be7 11.Nc3 O-O 12.Qd3 b6 13.Rd1 Bb7 14.e4 c6 15.Bf4 Nh5
16.Be3 Nhf6 17.Rac1 Rc8 18.h3 Nb8 19.Qb1 Bb4 20.a3 Bxc3 21.bxc3 Qe7 22.a4 c5
23.e5 Nd5 24.Ng5 g6 25.Bd2 f6 26.Ne4 fxe5 27.dxe5 Bc6 28.Bh6 Rf5 29.c4 Nb4
30.f4 Rd8 31.Nf6+ Kh8 32.g4 Rxf6 33.exf6 Qe8 34.Rxd8 Qxd8 35.Rd1 Nd7 36.f7  1-0

[Event "Redbus KO"]
[Site "Southend"]
[Date "1999.04.02"]
[Round "1.2"]
[White "McNab, Colin Anderson"]
[Black "Chandler, Murray G"]
[Result "1-0"]
[WhiteElo "2418"]
[BlackElo "2520"]

1.c4 e6 2.Nf3 d5 3.b3 Nf6 4.g3 c5 5.Bg2 Nc6 6.O-O Be7 7.e3 O-O 8.Bb2 b6 9.Qe2 Bb7
10.Rd1 dxc4 11.bxc4 Qc7 12.Nc3 Rfd8 13.Rac1 a6 14.d3 Na5 15.Ba1 Rab8 16.Rb1 Bc6
17.a4 Nd7 18.d4 cxd4 19.exd4 Nf6 20.d5 Be8 21.dxe6 Nxc4 22.Ng5 Na3 23.exf7+ Bxf7
24.Nxf7 Kxf7 25.Nd5 Nxd5 26.Bxd5+ Rxd5 27.Qf3+ Kg6 28.Rxd5  1-0

[Event "Dreifluesse op 7th"]
[Site "Passau"]
[Date "1999.04.03"]
[Round "4"]
[White "Solonar, Stephan"]
[Black "Kunz, Konstantin"]
[Result "1/2-1/2"]
[WhiteElo "2307"]
[BlackElo "2186"]

1.Nf3 e6 2.c4 d5 3.d4 c5 4.cxd5 exd5 5.Nc3 Nc6 6.g3 Nf6 7.Bg2 Be7 8.O-O O-O
9.Bg5 cxd4 10.Nxd4 h6 11.Be3 Re8 12.Rc1 Bf8 13.Nxc6 bxc6 14.Na4 Rxe3 15.fxe3 Qe8
16.Qd4 Rb8 17.a3 Ba6 18.Bf3 Bb5 19.Nc3 Bc4 20.Kg2 a5 21.Na4  1/2-1/2

[Event "Doeberl Cup op"]
[Site "Canberra"]
[Date "1999.04.04"]
[Round "5"]
[White "Sandler, Leonid"]
[Black "Smerdon, David"]
[Result "1/2-1/2"]
[WhiteElo "2351"]
[BlackElo "2173"]

1.c4 e6 2.Nf3 d5 3.d4 Nf6 4.Nc3 Be7 5.Bg5 O-O 6.e3 Nbd7 7.Bd3 dxc4 8.Bxc4 c5
9.O-O cxd4 10.Nxd4 Qa5 11.Bh4 Nb6 12.Bd3 Bd7 13.Qf3 Nbd5 14.Nxd5 Qxd5 15.Rfc1 Rac8
16.Qxd5 Nxd5 17.Bxe7 Nxe7 18.Be4 e5  1/2-1/2

[Event "Hampstead IM-A 5th"]
[Site "London"]
[Date "1999.04.08"]
[Round "2"]
[White "Pribyl, Josef"]
[Black "Naylor, John"]
[Result "1-0"]
[WhiteElo "2422"]
[BlackElo "2243"]

1.c4 e6 2.Nf3 d5 3.b3 c5 4.g3 Nc6 5.Bg2 d4 6.O-O e5 7.d3 Bd6 8.e3 Nf6 9.exd4 cxd4
10.Ba3 h6 11.b4 O-O 12.b5 Ne7 13.Re1 Ng6 14.Qb3 Bf5 15.Nbd2 Re8 16.Bxd6 Qxd6
17.a4 Nd7 18.Qa3 Qxa3 19.Rxa3 Nc5 20.Bf1 Rad8 21.a5 Kf8 22.h3 f6 23.Rd1 Nh8
24.Nb3 Nxb3 25.Rxb3 Rc8 26.Bg2 Re7 27.Rc1 Nf7 28.Nh4 Bh7 29.c5 g5 30.Nf3 Rec7
31.Nd2 Rxc5 32.Rxc5 Rxc5 33.Bxb7 Nd6 34.Ba6 Rc1+ 35.Kg2 Bg8 36.Rb2 Bd5+ 37.f3 Ra1
38.Nc4 Nxc4 39.dxc4 Ba8 40.c5 Ke7 41.c6 Kd6 42.Bb7 Bxb7 43.cxb7 Kc7 44.a6 d3
45.Kf2  1-0

[Event "Golden Cleopatra op 3rd"]
[Site "Cairo"]
[Date "1999.04.15"]
[Round "5"]
[White "El Ghazali, Youssef M"]
[Black "Sarwat, Walaa"]
[Result "1-0"]
[WhiteElo "2312"]
[BlackElo "2300"]

1.c4 e6 2.Nf3 d5 3.g3 c5 4.Bg2 Nc6 5.O-O d4 6.e3 Nf6 7.exd4 cxd4 8.d3 Bd6
9.b3 O-O 10.Na3 e5 11.Nc2 Re8 12.Bb2 h6 13.a3 a5 14.Qd2 Qb6 15.Rab1 Bf5 16.Ba1 Qc7
17.b4 axb4 18.axb4 Ra2 19.c5 Bf8 20.Bb2 Ne7 21.Rfe1 Nd7 22.Na3 Nc6 23.Nc4 Nxb4
24.Qxb4 Nxc5 25.Qb5 Bd7 26.Qb6 Qc8 27.Nfxe5 Re6 28.Nxd7 Rxb6 29.Ndxb6 Qf5
30.Bxd4 Qxd3 31.Rbd1 Qb3 32.Bd5 Re2 33.Ne5 Rxe1+ 34.Rxe1 Qxb6 35.Bxf7+ Kh7
36.Ng6 Qd6 37.Be5 Qd8 38.Bc7 Qa8 39.Re8 Qa1+ 40.Kg2 Nd7 41.Rd8 Qe1 42.Rxd7 Bc5
43.f3 Qf2+ 44.Kh3 Qf1+ 45.Kg4 h5+ 46.Kg5 Qxf3 47.Bg8+  1-0

[Event "St Quentin op"]
[Site "St Quentin"]
[Date "1999.04.17"]
[Round "1"]
[White "Gorbatow, Alexej"]
[Black "De Lagontrie, Jean"]
[Result "1/2-1/2"]
[WhiteElo "2417"]
[BlackElo "2100"]

1.c4 e6 2.Nf3 d5 3.d4 c5 4.e3 Nf6 5.Nc3 Nc6 6.a3 Be7 7.dxc5 Bxc5 8.b4 Be7
9.Bb2 O-O 10.Qc2 Bd7 11.Rd1 Rc8 12.cxd5 exd5 13.Qb3 Be6 14.Ng5 Qd7 15.Be2 Rfd8
16.Nxe6 fxe6 17.O-O Kh8 18.f4 Qe8 19.Bd3 d4 20.Ne2 dxe3 21.Qxe6 Bf8 22.Qf5 Ne7
23.Qh3 Ned5 24.Bf5 Rc7 25.g4 g6 26.g5 gxf5 27.gxf6 Qf7 28.Qxf5 Qg6+ 29.Qxg6 hxg6
30.Be5 Rc2 31.Nd4 Ra2 32.f7+ Kh7 33.Rf3 g5 34.fxg5 Rxa3 35.Rdf1 a5 36.Ne6 Rc8
37.g6+ Kxg6 38.Rg3+ Kh7 39.Rf5 e2 40.Rh5+ Bh6 41.f8=Q e1=Q+ 42.Qf1 Rxg3+
43.hxg3 Qxf1+ 44.Kxf1  1/2-1/2

[Event "NRW-Liga I 9899"]
[Site "GER"]
[Date "1999.05.06"]
[Round "9"]
[White "Sachs, Hans Martin"]
[Black "May, Dirk"]
[Result "1/2-1/2"]
[WhiteElo "1962"]
[BlackElo "1898"]

1.c4 e6 2.Nf3 d5 3.b3 Nf6 4.g3 Be7 5.Bg2 O-O 6.O-O c5 7.cxd5 exd5 8.d4 b6
9.Bb2 Nc6 10.Nc3 Be6 11.Rc1 Rc8 12.dxc5 bxc5 13.Ng5 h6 14.Nxe6 fxe6 15.Na4 Nb8
16.Qd3 Qd7 17.Qe3 d4 18.Qd3 Nd5 19.Bh3 Rf6 20.Qe4 Qc6 21.Bxd4 Nf4 22.Qxc6 Nxh3+
23.Kg2 Nf4+ 24.Kh1 Nxc6 25.Bxf6 Nxe2 26.Rce1 Nxg3+ 27.hxg3 Bxf6 28.Nxc5 Nb4
29.Ne4 Bd4 30.a3 Nc2 31.Rd1 e5 32.a4 Rb8 33.Rd2 Nb4 34.Rc1 Nd5 35.Rd3 Nb4
36.Rf3 Nd5 37.Nd6 Rd8 38.Ne4 Rb8 39.Kg2 Rd8 40.Rc6 Rb8  1/2-1/2

[Event "NED-ch U20 "]
[Site "Leiden"]
[Date "1999.05.07"]
[Round "5"]
[White "Ernst, Sipke"]
[Black "Middelburg, Tom"]
[Result "1/2-1/2"]
[WhiteElo "2428"]
[BlackElo "2266"]

1.c4 e6 2.Nf3 d5 3.d4 c6 4.e3 f5 5.g4 Nf6 6.gxf5 exf5 7.Nc3 Be6 8.cxd5 Nxd5
9.Ne5 Nd7 10.Bd2 Nxe5 11.dxe5 Nb4 12.Rg1 g6 13.a3 Nd3+ 14.Bxd3 Qxd3 15.Ne2 Bb3
16.Qc1 O-O-O 17.Qc3 Qxc3 18.Bxc3 c5 19.h4 Be7 20.h5 g5 21.f4 gxf4 22.Nxf4 Bc4
23.Kf2 Rhg8 24.Kf3 Bg5 25.b4 Bb5 26.bxc5 Bc6+ 27.Ke2 Bb5+ 28.Kf3 Bc6+ 29.Ke2  1/2-1/2

[Event "Guillermo Garcia mem-B"]
[Site "Santa Clara"]
[Date "1999.05.27"]
[Round "4"]
[White "Pecorelli Garcia, Humberto"]
[Black "Hernando Rodrigo, Jose Maria"]
[Result "1-0"]
[WhiteElo "2430"]
[BlackElo "2363"]

1.c4 e6 2.Nf3 d5 3.d4 Nf6 4.g3 Bd6 5.Bg2 O-O 6.O-O c6 7.Qc2 Nbd7 8.Rd1 Qe7
9.Nc3 dxc4 10.Nd2 Nb6 11.Nce4 Nxe4 12.Nxe4 e5 13.a4 exd4 14.Nxd6 Qxd6 15.a5 Be6
16.Bf4 Qc5 17.axb6 axb6 18.e3 d3 19.Qc3 b5 20.b4 Qh5 21.Rd2 Rfd8 22.Bc7 Re8
23.Bb6 f6 24.h4 Ra4 25.Rxa4 bxa4 26.Kh2 Ra8 27.Qa3 g5 28.Bd4 gxh4 29.g4 Qxg4
30.b5 Kf7 31.Qd6 Rg8 32.Qc7+ Bd7 33.f4 h3 34.f5 Qxf5 35.Bxc6 bxc6 36.bxc6 Qg4
37.e4 Rc8 38.cxd7 Rxc7 39.d8=Q Qf4+ 40.Kxh3 Qf3+ 41.Kh2 Qf4+ 42.Kh3 Qf3+
43.Kh2 Qh5+ 44.Kg1 Qg4+ 45.Rg2 Qd1+ 46.Kf2 Qe2+ 47.Kg3 Qe1+ 48.Bf2 Qa5 49.Kh4 d2
50.Qg8+ Ke7 51.Rg7+ Kd6 52.Bg3+ Kc5 53.Rxc7+  1-0

[Event "Hotel Irottko GM"]
[Site "Koszeg"]
[Date "1999.06.25"]
[Round "3"]
[White "Csom, Istvan"]
[Black "Estrada Nieto, Julian"]
[Result "1/2-1/2"]
[WhiteElo "2455"]
[BlackElo "2370"]

1.c4 e6 2.Nf3 d5 3.g3 Be7 4.Bg2 Nf6 5.O-O O-O 6.b3 b6 7.Bb2 Bb7 8.cxd5 Nxd5
9.Na3 c5 10.Nc4 Nd7 11.a3 Rc8 12.Qb1 Rc7 13.d3 b5 14.Ncd2 N5b6 15.Rc1 Qa8
16.a4 bxa4 17.bxa4 Bc6 18.Qc2 a5 19.e4 Rb7 20.Bc3 c4 21.Bd4 Rc8 22.Nxc4 Nxc4
23.Qxc4 Rbb8 24.Qa2 Rb4 25.Qe2 Rcb8 26.Qd1 Rd8 27.Qe1 Rc8 28.Bc3 Rxa4 29.Bxa5 Rb8
30.Rxa4 Bxa4 31.d4 Bb5 32.d5 Nc5 33.Rb1 Nd3 34.Qd2 Bc5 35.h3 Nxf2 36.Kh2 Nxe4
37.Qf4 exd5 38.Ne5 Nf6 39.Bc7 Rc8 40.Nxf7 Kxf7 41.Rxb5 Qc6 42.Rb8 Rxc7 43.Bxd5+ Qxd5
44.Qxc7+ Kg6 45.Qb7 Qd4 46.Qg2 h5 47.Rb3 Kh6 48.Qf1 Ne4 49.Rd3 Qb2+ 50.Qg2 Qb1
51.Rd8 Bf2 52.h4 Kh7 53.Rd1 Qb7 54.Rd3 Qe7 55.Rf3 Bxg3+ 56.Rxg3 Qe5 57.Qf3 Qxg3+
58.Qxg3 Nxg3 59.Kxg3 Kg6 60.Kf4 Kf6 61.Ke4 Ke6 62.Kf4 Kf6 63.Ke4 g6 64.Kf4 Kf7
65.Kg5 Kg7 66.Kf4 Kf6 67.Ke4  1/2-1/2

[Event "Ljubljana op 10th"]
[Site "Ljubljana"]
[Date "1999.06.27"]
[Round "3"]
[White "Mohr, Georg"]
[Black "Sitnik, Igor"]
[Result "1-0"]
[WhiteElo "2476"]
[BlackElo "2312"]

1.c4 e6 2.Nf3 d5 3.b3 Nf6 4.g3 Be7 5.Bg2 O-O 6.O-O b6 7.e3 Bb7 8.Nc3 dxc4
9.bxc4 c5 10.Qe2 Nc6 11.Bb2 Rc8 12.Rfd1 Qc7 13.Rac1 Na5 14.Nb5 Qb8 15.Bc3 a6
16.Na3 Nc6 17.Nc2 Nb4 18.Nxb4 cxb4 19.Ba1 a5 20.d4 Nd7 21.e4 Rfd8 22.h4 h6
23.d5 exd5 24.cxd5 Nc5 25.Nd4 Bf6 26.f4 Na4 27.e5 Be7 28.Nf5 Bf8 29.Nxh6+ gxh6
30.Qg4+ Bg7 31.f5 Kh8 32.f6 Rg8 33.Qf5 Bf8 34.Be4 Rg6 35.h5 Bc5+ 36.Rxc5 Rcg8
37.hxg6 Rxg6 38.Rc2 Qg8 39.Kh2 Nc5 40.Rxc5 bxc5 41.Qh5  1-0